Statistics for World Cities by Country A-Z

Click here to take the quiz!

General Stats

  • This quiz has been taken 1,084 times
    (1,055 since last reset)
  • The average score is 18 of 26

Answer Stats

CountryUrban Area% Correct
BThailandBangkok
95%
LUnited KingdomLondon
95%
NKenyaNairobi
92%
ITurkeyIstanbul
91%
OJapanOsaka
91%
TCanadaToronto
91%
ZSwitzerlandZurich
90%
GGuatemalaGuatemala City
87%
AEgyptAlexandria
84%
PUnited StatesPhiladelphia
81%
SChinaShanghai
81%
ECanadaEdmonton
79%
HVietnamHo Chi Minh City
77%
JSaudi ArabiaJeddah
77%
CSri LankaColombo
75%
KIndiaKolkata
69%
VLaosVientiane
67%
WNamibiaWindhoek
67%
DTanzaniaDar es Salaam
57%
YBurmaYangon
54%
FBrazilFortaleza
42%
XChinaXiamen
41%
RPakistanRawalpindi
31%
URussiaUfa
27%
MIndonesiaMedan
23%
QMexicoQuerétaro
14%

Score Distribution

Percentile by Number Answered

Percent of People with Each Score

Your Score History

You have not taken this quiz since the last reset